A Mathematical Introduction to Conformal Field Theory /
Contiene: I. Preliminares matemáticos. 1) Transformaciones conformales y campos de muerte conformales. 2) El grupo conformal. 3) Extensiones centrales de grupos. 4) Extensiones centrales de álgebras de Lie y teorema de Bargmann. 5) El álgebra de Virasoro. II. Primeros pasos hacia la teoría de campos...
Guardado en:
| Autor principal: | |
|---|---|
| Formato: | Libro |
| Idioma: | Inglés |
| Publicado: |
Berlín, Alemania :
Springer,
2008, c2008
|
| Edición: | 2a edición |
| Colección: | (Lecture Notes in Physics ;
759) |
| Temas: | |
| Acceso en línea: | Ver documento en línea |
| Etiquetas: |
Sin etiquetas, Sé el primero en etiquetar este registro!
|
MARC
| LEADER | 00000nam^a2200000^a^4500 | ||
|---|---|---|---|
| 001 | 000423389 | ||
| 005 | 20251023000000.0 | ||
| 009 | 20260310122624.933 | ||
| 020 | |a 978-3-540-68628-6 | ||
| 037 | |a Acervo ITESO - Biblioteca | ||
| 041 | |a ING | ||
| 082 | |a 530. 143 |b SCH | ||
| 100 | |a Schottenloher, Martin |e (autor) | ||
| 240 | 1 | 3 | |a [A Mathematical Introduction to Conformal Field Theory] |
| 245 | 1 | 2 | |a A Mathematical Introduction to Conformal Field Theory / |c M. Schottenloher. |
| 250 | |a 2a edición | ||
| 264 | 4 | |a Berlín, Alemania : |b Springer, |c 2008, c2008 | |
| 264 | 2 | |a Cham, Suiza : |b Springer Link [distribución], |c 2008 | |
| 300 | |a 1 libro electrónico en línea (XV, 249 p.) | ||
| 300 | |a 1 recurso en línea | ||
| 336 | |a datos para computadora |b cod |2 rdacontenido | ||
| 337 | |a computadora |b c |2 rdamedio | ||
| 338 | |a recurso en línea |b cr |2 rdasoporte | ||
| 440 | 1 | |a (Lecture Notes in Physics ; |v 759) | |
| 506 | 0 | |a Licencias ilimitadas | |
| 520 | |a Contiene: I. Preliminares matemáticos. 1) Transformaciones conformales y campos de muerte conformales. 2) El grupo conformal. 3) Extensiones centrales de grupos. 4) Extensiones centrales de álgebras de Lie y teorema de Bargmann. 5) El álgebra de Virasoro. II. Primeros pasos hacia la teoría de campos conformales. 6) Teoría de la representación del álgebra de Virasoro. 7) La teoría de cuerdas como teoría de campos conformales. 8). Axiomas de la teoría cuántica de campos relativista. 9) Fundamentos de la teoría de campos cuánticos conformales bidimensionales. 10) Algebras de vértice. 11) Aspectos matemáticos de la fórmula de Verlinde. | ||
| 649 | |a XX | ||
| 650 | |a Espacios Vectoriales | ||
| 650 | |a Algebras de Lie | ||
| 650 | |a Algebra Lineal | ||
| 650 | |a Modelos de Cuerdas (Física Nuclear) | ||
| 650 | |a Teoría Cuántica de los Campos - |x Tema Principal | ||
| 650 | |a Teoría de Campos (Física) | ||
| 650 | |a Física | ||
| 856 | 4 | 0 | |u https://link-springer-com.ezproxy.iteso.mx/10.1007/978-3-540-68628-6 |y Ver documento en línea |
| 910 | |a Fondo General | ||
| 920 | |a Electrónicos - Libros en Línea | ||
| 930 | |a Plataforma Digital | ||
| 905 | |a 205 | ||
| 901 | |a 423389-1 |b IT2 |c EBO |i C172346 |u 20250521 | ||
| 902 | |a https://opac.biblio.iteso.mx/vufind/Record/000423389 | ||